<?xml version="1.0" encoding="UTF-8"?>
<marc:record xmlns:marc="http://www.loc.gov/MARC21/slim">
   <marc:leader>00000nam a2200000 a 4500</marc:leader>
   <marc:datafield ind1="1" ind2=" " tag="100">
      <marc:subfield code="a">Arnold, Louise</marc:subfield>
      <marc:subfield code="4">aut</marc:subfield>
      <marc:subfield code="e">Verfasser/-in</marc:subfield>
   </marc:datafield>
   <marc:datafield ind1="0" ind2="0" tag="245">
      <marc:subfield code="a">Arthur Unsichtbar und der Fluch von Stonehenge</marc:subfield>
   </marc:datafield>
   <marc:datafield ind1="0" ind2="0" tag="245">
      <marc:subfield code="c">Louise Arnold</marc:subfield>
   </marc:datafield>
   <marc:datafield ind1=" " ind2="1" tag="264">
      <marc:subfield code="a">Frankfurt, M.</marc:subfield>
      <marc:subfield code="b">S. Fischer</marc:subfield>
      <marc:subfield code="c">2008</marc:subfield>
   </marc:datafield>
   <marc:datafield ind1="1" ind2=" " tag="520">
      <marc:subfield code="a">Angaben aus der Verlagsmeldung

Arthur Unsichtbar und der Fluch von Stonehenge A Good Day for Haunting / von Louise Arnold

Die ganze Welt ist von Geistern bevölkert, doch niemand kann sie sehen. Niemand? Nein! Tom Golden ist der einzige Mensch, der sie sieht und von ihrer Existenz weiß. Er hat sogar einen Geist zum Freund: Arthur Unsichtbar. Doch plötzlich tauchen plötzlich drei außergewöhnliche Geister auf – Geister, die nicht unsichtbar sind, Geister, die die Menschen in Angst und Schrecken versetzen. Und Geister, die die Menschen wieder an ihre Existenz glauben lassen - und das friedliche Nebeneinander der beiden Welten gefährden. Doch was können Tom und Arthur dem Fluch von Stonehenge entgegensetzen?
</marc:subfield>
   </marc:datafield>
   <marc:datafield ind1=" " ind2=" " tag="020">
      <marc:subfield code="a">9783596853045</marc:subfield>
      <marc:subfield code="9">9783596853045</marc:subfield>
   </marc:datafield>
   <marc:datafield ind1=" " ind2=" " tag="300">
      <marc:subfield code="a">395 S.</marc:subfield>
   </marc:datafield>
</marc:record>
